| 000 | 00537nam a22001937a 4500 | ||
|---|---|---|---|
| 003 | CEME | ||
| 005 | 20210628204103.0 | ||
| 008 | 210112b xxu||||| |||| 00| 0 eng d | ||
| 020 | _a9781466503038 | ||
| 040 | _cceme | ||
| 082 | _a621.3 ELS | ||
| 100 |
_aEl-Sharkawi, Mohamed A _957821 |
||
| 245 | _aElectric energy , an introduction | ||
| 250 | _a3RD | ||
| 260 |
_aNEW YORK _bCRC PRESS _c2013 |
||
| 300 | _aXXIII, 581P | ||
| 650 |
_aELECTRIC ENERGY-INTRODUCTION.POWER ELECTRONICS.ELECTRIC POWER SYSTEMS. _968671 |
||
| 942 |
_cBK _2ddc |
||
| 999 |
_c576177 _d576177 |
||